000 00546nam a2200205Ia 4500
005 20260429112154.0
008 260429s9999||||xx |||||||||||||| ||und||
020 _a9781639879519
041 _aEnglish
082 _a420.9
_bHOP
100 _aHopkins, Skyler
245 0 _aEnglish language :
_borigins and development /
_cSkyler Hopkins
250 _a1st ed.
260 _aNew York :
_bMurphy and Moore,
_c2024.
300 _avii, 417 p.; hb
650 _a Development
650 _a origins
650 _aEnglish language
942 _cTB
999 _c52713
_d52713